Geographical distribution of financial flows to developing countries : disbursements, commitments, country indicators : 2005-2009

Enregistré dans:
Détails bibliographiques
Format: Livre
Langue:anglais
français
Publié: Paris OECD 2011
Sujets:
Tags: Ajouter un tag
Pas de tags, Soyez le premier à ajouter un tag!

MARC

LEADER 00000nam a2200000 4500
001 0168607
005 20240104122357.5
020 |a 978-92-64-01429-9 
022 |a 2074-3157 
041 0 |a eng 
041 0 |a fre 
044 |a FR 
245 1 0 |a Geographical distribution of financial flows to developing countries : disbursements, commitments, country indicators : 2005-2009 
264 1 |a Paris  |b OECD  |c 2011 
300 |a 274 s. 
610 2 0 |a príjmy 
610 2 0 |a krajiny rozvojové 
610 2 0 |a údaje štatistické medzinárodné 
610 2 0 |a porovnanie štatistické medzinárodné